|
|
|
|
| LEADER |
00849cam a2200205 7i4500 |
| 001 |
0000092128 |
| 005 |
20260225090000.0 |
| 008 |
260225 dwi |
| 020 |
|
|
|a 9789675557606 (hardback)
|
| 090 |
0 |
0 |
|a QL82
|b .T462 2024
|
| 245 |
0 |
0 |
|a Tengku Hassanal wildlife reserve = Rizab hidupan liar Tengku Hassanal :
|b orang asal :
|b orang asal :
|b dances among the trees.
|
| 264 |
|
|
|a Kuala Lumpur:
|b Jabatan Perhilitan Semenanjung Malaysia,
|c 2024.
|
| 300 |
|
|
|a ix, 99 pages:
|b color illustrations;
|c 26 cm.
|
| 336 |
|
|
|a text
|2 rdacontent
|
| 337 |
|
|
|a unmediated
|2 rdamedia
|
| 338 |
|
|
|a volume
|2 rdacarrier
|
| 650 |
|
0 |
|a Government publications --
|z Malaysia
|
| 650 |
|
0 |
|a Wildlife refuges --
|z Malaysia --
|z Pahang
|
| 710 |
2 |
|
|a Jabatan Perhilitan Semenanjung Malaysia
|
| 999 |
|
|
|a 0000072881
|b BOK
|c GOVERNMENT PUBLICATION
|e 2nd Floor, Shah Alam
|